000 00640nam a2200241 i 4500
001 C2-0322278
003 PPAK
005 20180728121235.0
008 130512s2012 nyua|||| ||||| | eng d
020 _a9780062060020
040 _aPPAK
_beng
_cPPAK
_erda
082 0 4 _a823
_223
090 0 0 _a823
_bREX
_dLCK
100 1 _aRex, Adam,
_eauthor
245 1 0 _aCold cereal
264 1 _aNew York :
_bHarperCollins Publishers ,
_c2012
300 _a421 pages :
_billustrations ;
_c21 cm
336 _2rdacontent
_atext
337 _2rdamedia
_aunmediated
338 _2rdacarrier
_avolume
650 1 0 _aEnglish fiction
942 _ddc
_cB
999 _c122624
_d122624